แสดงรายละเอียดบรรณานุกรม
  กลับหน้าหลัก

Brief Record : Get Marc (ISO 2709) : E-mail record : QR code ปิดหน้าต่าง
E-books : เกี่ยวกับ Collections
LEADER 00000nam 2200000uu 4500
001    209592
003     ULIBM
008    140408s||||||||th 000 0 tha d
020    ^a9786161202415 (ล.8)
040    ^abcnkk
050  4 ^aT173.8^bส766 ล.8 2555
245 00 ^aสุดยอดนวัตกรรมไทย /^cสำนักงานนวัตกรรมแห่งชาติกระทรวงวิทยาศาสตร์และเทคโนโลยี
246 13 ^aสุดยอดนวัตกรรมไทย.^nเล่ม 8
250    ^aพิมพ์ครั้งที่ 1
260    ^aกรุงเทพฯ :^bสำนักงาน,^c2548-2555
300    ^a เล่ม :^bภาพประกอบ
650  0 ^aนวัตกรรมทางเทคโนโลยี^zไทย
650  7 ^aนวัตกรรมทางเทคโนโลยี^xรางวัล^zไทย
650  7 ^aสิ่งประดิษฐ์^zไทย
650  7 ^aนวัตกรรมทางธุรกิจ
650  7 ^aนวัตกรรมทางการเกษตร^zไทย
650  7 ^aนวัตกรรมทางการแพทย์^zไทย
650  7 ^aพลังงาน^zไทย^xนวัตกรรมทางเทคโนโลยี
650  7 ^aสิ่งแวดล้อม^xนวัตกรรมทางเทคโนโลยี
650  7 ^aชื่อตราผลิตภัณฑ์^xการออกแบบ^xนวัตกรรมทางเทคโนโลยี^zไทย
650  7 ^aนวัตกรรมทางเทคโนโลยี^xรางวัล^zไทย
650  7 ^aสิ่งประดิษฐ์^zไทย
710 2  ^aสำนักงานนวัตกรรมแห่งชาติ
850    ^aล.8-C
รายการนี้ยังไม่มีแท็ก
คุณยังไม่ได้ล็อกอิน คุณสามารถมีกิจกรรมร่วมกับเว็บไซต์ได้ แต่ต้องล็อกอินก่อน ::
  ล็อกอิน
ลำดับที่ ประเภท เลขเรียก สถานที่ สถานะ
1. หนังสือทั่วไป
หนังสือทั่วไป
สถานะ=หนังสือเก่า - บริการ ณ ห้องสมุด (ห้องเหลือง)
T173.8 ส766 ล.8 2555  
  
หนังสือทั่วไป On Shelf
  ขอยืม
Note:ปีงบประมาณ2557
2. หนังสือทั่วไป
หนังสือทั่วไป
สถานะ=หนังสือเก่า - บริการ ณ ห้องสมุด (ห้องเหลือง)
T173.8 ส766 ล.8 2555 ฉ.2 
  
หนังสือทั่วไป On Shelf
  ขอยืม
Note:ปีงบประมาณ2557
3. หนังสือทั่วไป
หนังสือทั่วไป
สถานะ=หนังสือเก่า - บริการ ณ ห้องสมุด (ห้องเหลือง)
T173.8 ส766 ล.8 2555 ฉ.3 
  
หนังสือทั่วไป On Shelf
  ขอยืม
Note:ปีงบประมาณ2557
   [แสดง 3/3 รายการ]

รายการใกล้เคียง
    หัวเรื่อง [นวัตกรรมทางธุรกิจ]

BibComment


ยังไม่เคยถูกคอมเมนท์

คอมเมนท์ทรัพยากรรายการนี้
  คอมเมนท์: สุดยอดนวัตกรรมไท..
Bib 209592

 
 
 

 Union Library Management : ULibM
Copyright 2026. All Rights Reserved.
скачать бесплатно без регистрации порно красивый секс HD Sex Hindi sex

xxx gou

xxxx

bfxxx

xxxwww

Секса Видео

xxxx

Секса Видео

detube

geilexxx

C99 Shell

worms shell

blod xxx video
Ebony Coed Rihanna Rimes Takes A Dick In Her Young Twat priyaa indian fuck anal and pusssy hardcore indian women xxx desi hardcore fucking part 1 bengalixxxcouple